| 000 | 00404nam a22001577a 4500 | ||
|---|---|---|---|
| 999 |
_c478412 _d478412 |
||
| 003 | NUST | ||
| 005 | 20180528095356.0 | ||
| 008 | 180528b ||||| |||| 00| 0 eng d | ||
| 020 | _a9788120340534 | ||
| 038 | _aSNS Library | ||
| 082 | _a515.2433 | ||
| 100 |
_aK.P. Soman _910569 |
||
| 245 |
_aInsight Into Wavelets _bFrom Theory to Practice _cK.P. Soman |
||
| 300 |
_a447 p. _bPb. |
||
| 942 |
_2ddc _cBK |
||